Estudio de prefactibilidad: Climatización eficiente del edificio Rigoberto López Pérez de la Universidad Nacional de Ingeniería
Presenta un estudio de prefactibilidad de climatización eficiente del edificio Rigoberto López Pérez de la Universidad Nacional de Ingeniería. Se determina la demanda de potencia, consumo de energía eléctrica, requerimiento técnico y costo de un sistema de climatización eficiente para el edi...
| Main Authors: | , |
|---|---|
| Other Authors: | |
| Format: | Tesis Section = Libro |
| Language: | Undetermined Spanish |
| Published: |
Managua
UNI
2020
|
| Subjects: |
| LEADER | 01252nam a2200277Ia 4500 | ||
|---|---|---|---|
| 008 | 240830s9999 xx 000 0 und d | ||
| 040 | |a BIBLIOTECA-RUSB/ M,Mon 697.93 J61 | ||
| 041 | |a spa | ||
| 082 | |a M.Mon 697.93 J61 | ||
| 100 | 1 | |a Jirón Pérez, Álvaro Geovanny | |
| 100 | 1 | |b Hernández Hernández, José Antonio | |
| 245 | 1 | 0 | |a Estudio de prefactibilidad: Climatización eficiente del edificio Rigoberto López Pérez de la Universidad Nacional de Ingeniería |
| 260 | |a Managua |b UNI |c 2020 | ||
| 300 | |a 104 p. :il. | ||
| 500 | |a Contiene: anexos y CD. | ||
| 502 | |a Tesis (Master en Gerencia de Proyectos de Desarrollo.) - UNI, 2020. | ||
| 520 | 3 | |a Presenta un estudio de prefactibilidad de climatización eficiente del edificio Rigoberto López Pérez de la Universidad Nacional de Ingeniería. Se determina la demanda de potencia, consumo de energía eléctrica, requerimiento técnico y costo de un sistema de climatización eficiente para el edificio, | |
| 650 | 7 | |a CLIMATIZACION | |
| 650 | 7 | |b AIRE ACONDICIONADO | |
| 650 | 7 | |c CALEFACCION | |
| 650 | 7 | |d ILUMINACION | |
| 650 | 7 | |e ESTUDIOS DE FACTIBILIDAD | |
| 700 | 1 | |a Tutor: |b Martínez Montoya, Arnulfo José | |
| 942 | |c BK |2 ddc | ||
| 991 | |a TESIS | ||
| 999 | |c 19214 | ||